|
|
|
|
| LEADER |
00656nab a2200181 i 4500 |
| 001 |
delm82533 |
| 005 |
20191022131532.0 |
| 008 |
191022s1999 hu o 0|| hun d |
| 040 |
|
|
|a SZTE Délmagyarország Archívum
|b hun
|
| 041 |
|
|
|a hun
|
| 100 |
1 |
|
|a Juronics Tamás
|
| 245 |
1 |
0 |
|a Mandarinnak lenni - állapot
|h [elektronikus dokumentum] :
|b Juronics Tamás megérkezett Bartókhoz /
|c Juronics Tamás
|
| 260 |
|
|
|c 1999-09-24
|
| 300 |
|
|
|a 5
|
| 490 |
0 |
|
|a Délmagyarország
|v 89 No. 223
|
| 695 |
|
|
|a Szeged, Táncművészet balett Szeged, Szegedi Kortárs Balett, A csodálatos mandarin (színházi ea.)
|
| 700 |
0 |
1 |
|a Bartók Béla
|e aut
|
| 700 |
0 |
1 |
|a Sulyok Erzsébet
|e aut
|